header

Central works of philosophy. (Record no. 123127)

MARC details
000 -LEADER
fixed length control field 01249nam a2200313 a 4500
245 00 - TITLE STATEMENT
Title Central works of philosophy.
260 ## - PUBLICATION, DISTRIBUTION, ETC. (IMPRINT)
Place of publication Chesham [U.K.] :
Name of publisher Acumen,
Year of publication 2006.
300 ## - PHYSICAL DESCRIPTION
Number of Pages xviii, 292 p.
490 0# - SERIES STATEMENT
Series statement Central works of philosophy ;
650 #0 - SUBJECT ADDED ENTRY--TOPICAL TERM
Topical Term Philosophy, Modern
700 1# - ADDED ENTRY--PERSONAL NAME
Personal name Shand, John.
856 40 - ELECTRONIC LOCATION AND ACCESS
Uniform Resource Identifier http://site.ebrary.com/lib/rucke/Doc?id=10455556

No items available.

© 2026 Rongo University
Contact us: librarian | system librarian | Rongo university